India`s Struggle For Independence (Record no. 5088)

MARC details
000 -LEADER
fixed length control field 00469cam a2200181ua 4500
001 - CONTROL NUMBER
control field 5939
005 - DATE AND TIME OF LATEST TRANSACTION
control field 20260515113946.0
008 - FIXED-LENGTH DATA ELEMENTS--GENERAL INFORMATION
fixed length control field 131029n ii |||gr||||Z||||||eng
040 ## - CATALOGING SOURCE
Transcribing agency MAIN
082 ## - DEWEY DECIMAL CLASSIFICATION NUMBER
Classification number 954.035
245 ## - TITLE STATEMENT
Title India`s Struggle For Independence
Statement of responsibility, etc. By Bipan Chandra
260 ## - PUBLICATION, DISTRIBUTION, ETC.
Place of publication, distribution, etc. Calcutta:
Name of publisher, distributor, etc. Penguin Books,
Date of publication, distribution, etc. 1989.
300 ## - PHYSICAL DESCRIPTION
Extent x,573p.
653 ## - INDEX TERM--UNCONTROLLED
Uncontrolled term History
653 ## - INDEX TERM--UNCONTROLLED
Uncontrolled term India`s Struggle For Independence
700 ## - ADDED ENTRY--PERSONAL NAME
Personal name Chandra,Bipan,
Relator term Author.
942 ## - ADDED ENTRY ELEMENTS (KOHA)
Koha item type Books
Holdings
Withdrawn status Lost status Damaged status Not for loan Home library Current library Shelving location Date acquired Total checkouts Full call number Barcode Date last seen Copy number Price effective from Koha item type Date last checked out
        Naharkatiya College Library Naharkatiya College Library General stacks 09/19/2020   954.035 | CHA 285 09/19/2020 1 09/19/2020 Books  
        Naharkatiya College Library Naharkatiya College Library General stacks 09/19/2020 1 954.035 | CHA 286 02/15/2021 2 09/19/2020 Books 02/08/2021
        Naharkatiya College Library Naharkatiya College Library General stacks 09/19/2020   954.035 | CHA 287 09/19/2020 3 09/19/2020 Books